[Event "España ch 1ª Division Norte"]
[Site "Barcelona ESP"]
[Date "2005.08.11"]
[Round "1.8"]
[White "Limeres Guiance, Cristobal"]
[Black "Vidarte Morales, Arturo"]
[Result "0-1"]
[WhiteElo "2272"]
[BlackElo "2391"]
[PlyCount "100"]
[EventDate "2005.08.11"]
[EventType "team"]
[EventRounds "6"]
[EventCountry "ESP"]
[Source "lmi"]
[SourceDate "2005.08.14"]
[WhiteTeam "Ruta de Europa"]
[BlackTeam "Montcada"]

1. d4 Nf6 2. Nf3 g6 3. Bf4 Bg7 4. e3 O-O 5. h3 d6 6. Be2 Qe8 7. Nbd2 Nfd7 8. e4
Nc6 9. d5 Nd8 10. c3 e5 11. Bg5 f5 12. g4 Nc5 13. gxf5 gxf5 14. Qc2 fxe4 15.
Nh4 Nf7 16. Be3 Qe7 17. Ng2 Bf5 18. Bxc5 dxc5 19. Ne3 Bg6 20. h4 Bh6 21. O-O-O
Nd6 22. h5 Bf5 23. Kb1 Bd7 24. Rdg1+ Kh8 25. Rg2 Rf7 26. c4 Raf8 27. Rhh2 Rf4
28. Bg4 Rg8 29. Be6 Rxg2 30. Rxg2 Bxe6 31. dxe6 Qxe6 32. Nd5 Rg4 33. Nxc7 Rxg2
34. Nxe6 Rg1+ 35. Qc1 Rxc1+ 36. Kxc1 Nxc4 37. Nxc5 Bxd2+ 38. Kc2 e3 39. fxe3
Bxe3 40. Nxb7 Bd4 41. b3 Ne3+ 42. Kd3 Nf5 43. b4 Kg7 44. a4 Kh6 45. b5 Kxh5 46.
a5 Kg4 47. Ke4 h5 48. Kd5 h4 49. b6 Bxb6 50. a6 h3 0-1

[Event "España ch 1ª Division Norte"]
[Site "Barcelona ESP"]
[Date "2005.08.11"]
[Round "1.8"]
[White "Panelo, Marcelo"]
[Black "Ruiz Gomez, Alejandro"]
[Result "0-1"]
[WhiteElo "2404"]
[BlackElo "2333"]
[PlyCount "76"]
[EventDate "2005.08.11"]
[EventType "team"]
[EventRounds "6"]
[EventCountry "ESP"]
[Source "lmi"]
[SourceDate "2005.08.14"]

1. d4 Nf6 2. c4 c5 3. d5 a6 4. Nf3 b5 5. Qc2 d6 6. e4 g6 7. cxb5 Bg7 8. a4 O-O
9. Nc3 Bb7 10. Bc4 axb5 11. Bxb5 e6 12. O-O exd5 13. exd5 Na6 14. Rd1 Nb4 15.
Qb3 h6 16. Bf4 g5 17. Bg3 Nh5 18. Na2 Nxa2 19. Rxa2 Rb8 20. Qe3 Bc8 21. b4 Nxg3
22. hxg3 g4 23. Nd2 cxb4 24. Nb3 Qg5 25. Qe4 f5 26. Qf4 Qg6 27. Re2 Be5 28.
Rxe5 dxe5 29. Qxe5 Bb7 30. Nc5 f4 31. gxf4 Qc2 32. Qe6+ Rf7 33. Be8 Qxd1+ 34.
Kh2 g3+ 35. fxg3 Qh5+ 36. Kg1 Bxd5 37. Bxf7+ Qxf7 38. Qe5 Re8 0-1

[Event "España ch 1ª Division Norte"]
[Site "Barcelona ESP"]
[Date "2005.08.11"]
[Round "1.9"]
[White "Gonzalez Menendez, Ivan"]
[Black "Garcia Gonzalez, Fernando"]
[Result "1-0"]
[WhiteElo "2381"]
[BlackElo "2159"]
[PlyCount "55"]
[EventDate "2005.08.11"]
[EventType "team"]
[EventRounds "6"]
[EventCountry "ESP"]
[Source "lmi"]
[SourceDate "2005.08.14"]
[WhiteTeam "Universidad Oviedo"]

1. e4 e6 2. d4 b6 3. Nc3 Bb7 4. Bd3 c5 5. Nf3 Nf6 6. O-O cxd4 7. Nxd4 Nc6 8.
Nxc6 Bxc6 9. e5 Nd5 10. Ne4 Qc7 11. Qh5 Nb4 12. Bf4 Nxd3 13. cxd3 Bxe4 14. dxe4
Bc5 15. Rac1 Qb7 16. Qg4 Rg8 17. Rc4 a5 18. Rfc1 g5 19. h4 h5 20. Qg3 g4 21.
Bg5 Qa6 22. b3 Be7 23. Bf6 Rg6 24. Qc3 Bc5 25. Rxc5 bxc5 26. Qxc5 d6 27. Qc7
Rxf6 28. exf6 1-0

[Event "España ch 1ª Division Norte"]
[Site "Barcelona ESP"]
[Date "2005.08.11"]
[Round "1.9"]
[White "Iglesias Leon, Francisco J"]
[Black "Suarez Real, Alberto"]
[Result "0-1"]
[WhiteElo "2131"]
[BlackElo "2355"]
[PlyCount "44"]
[EventDate "2005.08.11"]
[EventType "team"]
[EventRounds "6"]
[EventCountry "ESP"]
[Source "lmi"]
[SourceDate "2005.08.14"]

1. b3 e5 2. Bb2 Nc6 3. Nf3 d6 4. d4 e4 5. d5 Nce7 6. Ng5 e3 7. fxe3 Nf5 8. Ne4
Qh4+ 9. Nf2 Nxe3 10. Qd2 Qe7 11. Bc1 Nxf1 12. Rxf1 Nf6 13. Nc3 g6 14. Bb2 Bg7
15. O-O-O O-O 16. Qg5 Re8 17. Kb1 Bd7 18. Rd3 b5 19. Rf3 h6 20. Qd2 Rf8 21. Nd3
Rae8 22. Re3 Qxe3 0-1

[Event "España ch 1ª Division Norte"]
[Site "Barcelona ESP"]
[Date "2005.08.11"]
[Round "1.9"]
[White "Menendez Rey, Javier"]
[Black "Perez Garcia, Rodney"]
[Result "1/2-1/2"]
[WhiteElo "2218"]
[BlackElo "2442"]
[PlyCount "67"]
[EventDate "2005.08.11"]
[EventType "team"]
[EventRounds "6"]
[EventCountry "ESP"]
[Source "lmi"]
[SourceDate "2005.08.14"]

1. Nf3 d5 2. b3 Nf6 3. Bb2 e6 4. e3 Be7 5. d4 O-O 6. Nbd2 Nbd7 7. Bd3 b6 8. O-O
Bb7 9. c4 Ne4 10. Qc2 f5 11. Rac1 Rc8 12. Rfd1 Qe8 13. Nf1 Qg6 14. cxd5 exd5
15. Ne1 Bd6 16. f3 Qf6 17. g3 Ng5 18. h4 Ne6 19. f4 g6 20. Nf3 Qg7 21. a3 Nf6
22. b4 Ne4 23. Qb3 h6 24. Rc2 Qe7 25. Ne5 Bxe5 26. dxe5 c5 27. Qa2 Rfd8 28.
bxc5 bxc5 29. Bc3 Nxc3 30. Rxc3 h5 31. Rdc1 Kg7 32. Rb1 Rc7 33. Rcc1 Qd7 34.
Be2 1/2-1/2

[Event "España ch 1ª Division Norte"]
[Site "Barcelona ESP"]
[Date "2005.08.11"]
[Round "1.10"]
[White "Escandell Mari, Juan Carlos"]
[Black "Sauleda Roig, Jaume"]
[Result "1-0"]
[WhiteElo "2158"]
[BlackElo "2172"]
[PlyCount "55"]
[EventDate "2005.08.11"]
[EventType "team"]
[EventRounds "6"]
[EventCountry "ESP"]
[Source "lmi"]
[SourceDate "2005.08.14"]
[WhiteTeam "Cerdanyola Vallés"]
[BlackTeam "Josep Sureda Casa Catalana"]

1. e4 c5 2. Nf3 d6 3. d4 cxd4 4. Nxd4 Nf6 5. Nc3 g6 6. Be3 Bg7 7. f3 O-O 8. Qd2
Nc6 9. g4 Bd7 10. O-O-O Ne5 11. Kb1 b5 12. h4 Rc8 13. Bh6 Bxh6 14. Qxh6 Rxc3
15. bxc3 Qa5 16. Qe3 Rc8 17. Kb2 b4 18. cxb4 Qxb4+ 19. Qb3 Qc5 20. Ba6 Rd8 21.
Ka1 d5 22. g5 Nh5 23. exd5 Qa5 24. Rhe1 Qxa6 25. Rxe5 Qd6 26. Qe3 Rb8 27. Rxe7
Qxd5 28. Qe5 1-0

[Event "España ch 1ª Division Norte"]
[Site "Barcelona ESP"]
[Date "2005.08.11"]
[Round "1.10"]
[White "March Morla, Xavier"]
[Black "Valencia Jimenez, Jose"]
[Result "1-0"]
[WhiteElo "2156"]
[BlackElo "2120"]
[PlyCount "92"]
[EventDate "2005.08.11"]
[EventType "team"]
[EventRounds "6"]
[EventCountry "ESP"]
[Source "lmi"]
[SourceDate "2005.08.14"]

1. e4 c5 2. Nc3 Nc6 3. f4 e6 4. Nf3 Nge7 5. Bb5 a6 6. Bxc6 Nxc6 7. O-O d5 8. d3
Be7 9. Qe2 O-O 10. Bd2 b5 11. Rae1 c4 12. Kh1 cxd3 13. cxd3 b4 14. Na4 Qa5 15.
b3 Qb5 16. exd5 exd5 17. Rc1 Bd6 18. Qf2 Rb8 19. d4 Bf5 20. Ne5 Ne7 21. Nc5 f6
22. Nf3 Rbc8 23. Nh4 Be4 24. Rfe1 f5 25. Nf3 a5 26. Ng5 Rf6 27. Be3 Bxc5 28.
dxc5 a4 29. Bd4 Rg6 30. Nxe4 fxe4 31. Qc2 axb3 32. Qxb3 Ra6 33. Rb1 Qa4 34. Qh3
b3 35. Ba1 Qxa2 36. Bb2 Qa5 37. Qxb3 Qc7 38. Rxe4 Nf5 39. Re5 Nh6 40. Rd1 Qd7
41. Rb1 Qc6 42. Qxd5+ Qxd5 43. Rxd5 Rb8 44. Rdd1 Ng4 45. Bd4 Rd8 46. h3 Nh6 1-0

[Event "España ch 1ª Division Norte"]
[Site "Barcelona ESP"]
[Date "2005.08.11"]
[Round "1.11"]
[White "Chalmeta Ugas, Jordi"]
[Black "Suarez Pousa, Diego"]
[Result "1/2-1/2"]
[WhiteElo "2076"]
[BlackElo "2400"]
[PlyCount "133"]
[EventDate "2005.08.11"]
[EventType "team"]
[EventRounds "6"]
[EventCountry "ESP"]
[Source "lmi"]
[SourceDate "2005.08.14"]

1. d4 Nf6 2. c4 e6 3. Nc3 Bb4 4. Qc2 c5 5. dxc5 Na6 6. a3 Bxc3+ 7. Qxc3 Nxc5 8.
b4 Nce4 9. Qd4 d5 10. cxd5 exd5 11. Bb2 O-O 12. e3 a5 13. Nf3 axb4 14. axb4
Rxa1+ 15. Bxa1 Qc7 16. Be2 Qc1+ 17. Bd1 Qc4 18. Be2 Qc1+ 19. Bd1 Qc4 20. Be2
Qc2 21. Qb2 Qa4 22. O-O Bg4 23. Rc1 Ra8 24. Qd4 Qb3 25. h3 Be6 26. Bd3 h6 27.
Bxe4 dxe4 28. Nd2 Qd5 29. Qxd5 Nxd5 30. b5 Bd7 31. Nxe4 Bxb5 32. Bd4 Bc6 33.
Nc3 Nb4 34. Rb1 Nc2 35. Bb6 Ra3 36. Nb5 Rd3 37. Nd4 Nxd4 38. Bxd4 Rd2 39. Rb2
Rd1+ 40. Kh2 Kf8 41. Ra2 Kg8 42. Rc2 Rf1 43. Ra2 Kh7 44. Rc2 Kg6 45. Ra2 Rb1
46. Rb2 Rxb2 47. Bxb2 b5 48. Kg3 b4 49. f3 b3 50. Bd4 Kf5 51. Kf2 g6 52. g3 Ke6
53. e4 Kd6 54. Ke3 Bb5 55. h4 h5 56. Bb2 Bd7 57. Ba3+ Kc6 58. Bb2 Kc5 59. Ba3+
Kc4 60. Bb2 Bh3 61. Bf6 Bf1 62. Bb2 Bd3 63. Bf6 Bc2 64. Bb2 Bd1 65. Bf6 Kc5 66.
Bd4+ Kb5 67. Bf6 1/2-1/2

[Event "España ch 1ª Division Norte"]
[Site "Barcelona ESP"]
[Date "2005.08.11"]
[Round "1.11"]
[White "Paredes Galan, Angel"]
[Black "Bosco Prats, Joan"]
[Result "1-0"]
[WhiteElo "2334"]
[BlackElo "2070"]
[PlyCount "71"]
[EventDate "2005.08.11"]
[EventType "team"]
[EventRounds "6"]
[EventCountry "ESP"]
[Source "lmi"]
[SourceDate "2005.08.14"]

1. e4 c5 2. Nf3 Nc6 3. Nc3 d6 4. d4 cxd4 5. Nxd4 e5 6. Ndb5 a6 7. Na3 b5 8. Nd5
Nf6 9. Bg5 Be7 10. Bxf6 Bxf6 11. c3 Rb8 12. Nc2 Bg5 13. g3 h5 14. h4 Be7 15.
Qe2 g6 16. O-O-O Bf8 17. Kb1 Bh6 18. Bh3 Bb7 19. f4 exf4 20. gxf4 O-O 21. f5
Ne5 22. Nd4 Bxd5 23. exd5 Qb6 24. Rhg1 Kh8 25. Nc6 Rbe8 26. fxg6 Ng4 27. Qd3
Nf2 28. Qg3 Bg7 29. gxf7 Rxf7 30. Rde1 Rxe1+ 31. Rxe1 Nxh3 32. Qxh3 Qf2 33. Qe6
Qxh4 34. a3 Rf2 35. Ne7 Qh2 36. Qg8# 1-0

[Event "España ch 1ª Division Norte"]
[Site "Barcelona ESP"]
[Date "2005.08.11"]
[Round "1.12"]
[White "Martinez Perez, Jorge"]
[Black "Herrero Sabartes, Joan"]
[Result "0-1"]
[WhiteElo "2030"]
[BlackElo "2303"]
[PlyCount "121"]
[EventDate "2005.08.11"]
[EventType "team"]
[EventRounds "6"]
[EventCountry "ESP"]
[Source "lmi"]
[SourceDate "2005.08.14"]

1. Nf3 d6 2. b3 e5 3. e3 g6 4. Bb2 Bg7 5. c4 Nf6 6. Nc3 O-O 7. Be2 Re8 8. O-O
Nc6 9. d4 exd4 10. Nxd4 Nxd4 11. exd4 c6 12. Bf3 d5 13. Rc1 Bh6 14. Rc2 Bf5 15.
Re2 Rxe2 16. Nxe2 Qa5 17. Ng3 Be6 18. Qc2 Bg4 19. Bxg4 Nxg4 20. h3 Nf6 21. f4
Re8 22. Bc3 Qc7 23. Bd2 Bg7 24. Qd3 Ne4 25. Nxe4 Rxe4 26. Be3 Qe7 27. Rf3 f5
28. Bf2 Qe6 29. g3 Kf7 30. Kg2 Bf6 31. Re3 h5 32. Rxe4 fxe4 33. Qe2 dxc4 34.
bxc4 b5 35. cxb5 Qd5 36. Be3 cxb5 37. Qd2 Ke6 38. Qa5 Bxd4 39. Qa6+ Kf7 40.
Bxd4 e3+ 41. Kf1 Qf3+ 42. Kg1 Qxg3+ 43. Kh1 Qxh3+ 44. Kg1 Qg3+ 45. Kh1 Qh3+ 46.
Kg1 Qg4+ 47. Kh1 Qd1+ 48. Kg2 Qxd4 49. f5 Qe4+ 50. Kg1 Qg4+ 51. Kh1 Qf3+ 52.
Kg1 Qf2+ 53. Kh1 Qf1+ 54. Kh2 Qxf5 55. Qxa7+ Kf6 56. Qb6+ Qe6 57. Qd8+ Qe7 58.
Qh8+ Kf5 59. Qc8+ Kg5 60. Qc3 Qd6+ 61. Kh3 0-1

[Event "España ch 1ª Division Norte"]
[Site "Barcelona ESP"]
[Date "2005.08.11"]
[Round "1.12"]
[White "Perpinya Rofes, Lluis Maria"]
[Black "Blazquez Gomez, Jose Luis"]
[Result "1/2-1/2"]
[WhiteElo "2381"]
[BlackElo "2226"]
[PlyCount "116"]
[EventDate "2005.08.11"]
[EventType "team"]
[EventRounds "6"]
[EventCountry "ESP"]
[Source "lmi"]
[SourceDate "2005.08.14"]

1. e4 d6 2. d4 Nf6 3. Nc3 g6 4. Nf3 Bg7 5. Be2 O-O 6. O-O b6 7. Re1 Bb7 8. Bf1
Nc6 9. h3 e5 10. d5 Ne7 11. a4 h6 12. a5 Nd7 13. Nd2 f5 14. Bc4 Nf6 15. Qe2 g5
16. Ba6 Bxa6 17. Qxa6 g4 18. hxg4 fxg4 19. Nf1 Nh5 20. Be3 Ng6 21. axb6 cxb6
22. Qe2 Qd7 23. Nh2 Nf6 24. g3 h5 25. Bg5 Nh7 26. Be3 Bf6 27. Ra6 Bg5 28. Rea1
Bxe3 29. Qxe3 Qe7 30. Nb5 Ng5 31. Kg2 Nh3 32. Rf1 Rf6 33. Ra3 Qd7 34. c4 Qb7
35. b4 a6 36. Nc3 Rc8 37. f3 Qd7 38. Rxa6 Rcf8 39. Ra2 Qf7 40. Qxb6 gxf3+ 41.
Kh1 h4 42. g4 Ngf4 43. Rxf3 Ng5 44. Rf1 Nfh3 45. Rf5 Rxf5 46. exf5 Qf6 47. Qe3
Re8 48. Nf3 Nxf3 49. Qxf3 Ng5 50. Qe3 e4 51. Re2 Qg7 52. c5 dxc5 53. bxc5 Ra8
54. Re1 Nf3 55. Qxe4 Nxe1 56. Qxe1 Ra3 57. Qe8+ Kh7 58. Qh5+ Kg8 1/2-1/2

[Event "España ch 1ª Division Norte"]
[Site "Barcelona ESP"]
[Date "2005.08.11"]
[Round "1.12"]
[White "Pros Heras, Jordi"]
[Black "Blazquez Gomez, Jose Maria"]
[Result "1-0"]
[WhiteElo "2197"]
[BlackElo "1989"]
[PlyCount "55"]
[EventDate "2005.08.11"]
[EventType "team"]
[EventRounds "6"]
[EventCountry "ESP"]
[Source "lmi"]
[SourceDate "2005.08.14"]

1. d4 d5 2. c4 c6 3. Nc3 Nf6 4. Nf3 g6 5. Qb3 Bg7 6. cxd5 Nxd5 7. e4 Nb6 8. a4
a5 9. Be3 N8d7 10. Rc1 O-O 11. Be2 Nf6 12. h3 Kh8 13. O-O h6 14. Rfd1 Nbd7 15.
d5 Ng8 16. dxc6 bxc6 17. Nd4 Qb6 18. Qxb6 Nxb6 19. Nxc6 Bxc3 20. bxc3 Nxa4 21.
Ra1 Bb7 22. Nxe7 Rfe8 23. Rd7 Bxe4 24. Rxa4 Nf6 25. Bd4 Kg7 26. Be5 Bf5 27.
Nxf5+ gxf5 28. f4 1-0

[Event "España ch 1ª Division Norte"]
[Site "Barcelona ESP"]
[Date "2005.08.11"]
[Round "1.13"]
[White "Diaz Sanchez, Jose Francisco"]
[Black "Lariño Nieto, David"]
[Result "0-1"]
[WhiteElo "2019"]
[BlackElo "2350"]
[PlyCount "60"]
[EventDate "2005.08.11"]
[EventType "team"]
[EventRounds "6"]
[EventCountry "ESP"]
[Source "lmi"]
[SourceDate "2005.08.14"]
[WhiteTeam "Peña Barcelonista Melilla"]
[BlackTeam "Marcote "]

1. e4 e6 2. d4 d5 3. exd5 exd5 4. Nf3 Bd6 5. Bd3 Ne7 6. O-O Bg4 7. Bg5 Nbc6 8.
c3 Qd7 9. Nbd2 f6 10. Be3 g5 11. Qb3 O-O-O 12. c4 dxc4 13. Qxc4 h5 14. Be2 Nd5
15. Ne4 Rhe8 16. Nfd2 Bxe2 17. Qxe2 f5 18. Nxd6+ Qxd6 19. Nc4 Qf6 20. Qd1 f4
21. Bd2 Nxd4 22. Qa4 Kb8 23. Bc3 Nxc3 24. bxc3 Ne2+ 25. Kh1 f3 26. g3 h4 27.
Rad1 hxg3 28. Rxd8+ Rxd8 29. fxg3 Rh8 30. Nd2 Rxh2+ 0-1

[Event "España ch 1ª Division Norte"]
[Site "Barcelona ESP"]
[Date "2005.08.11"]
[Round "1.13"]
[White "Garcia Gomez, Jose Manuel"]
[Black "Pena Gomez, Manuel"]
[Result "0-1"]
[WhiteElo "1781"]
[BlackElo "2297"]
[PlyCount "70"]
[EventDate "2005.08.11"]
[EventType "team"]
[EventRounds "6"]
[EventCountry "ESP"]
[Source "lmi"]
[SourceDate "2005.08.14"]
[WhiteTeam "Peña Barcelonista Melilla"]
[BlackTeam "Marcote "]

1. d4 Nf6 2. c4 g6 3. Nc3 d5 4. Bg5 Ne4 5. Bf4 Nxc3 6. bxc3 Bg7 7. cxd5 Qxd5 8.
f3 O-O 9. e4 Qa5 10. Bd2 c5 11. Bc4 Nc6 12. Ne2 cxd4 13. cxd4 Qa3 14. Bc3 Nxd4
15. Bxf7+ Kxf7 16. Bxd4 Rd8 17. Qd2 Bxd4 18. Nxd4 e5 19. Nc2 Rxd2 20. Nxa3 Rxg2
21. Nc4 Kf6 22. Ne3 Rb2 23. O-O Be6 24. Nd5+ Bxd5 25. exd5 Rd8 26. Rfd1 Rb5 27.
Rab1 Rdxd5 28. Rxb5 Rxd1+ 29. Kg2 b6 30. Rb2 Kf5 31. Kg3 g5 32. Rb4 h5 33. Ra4
a5 34. h3 Rd2 35. h4 Rd4 0-1

[Event "España ch 1ª Division Norte"]
[Site "Barcelona ESP"]
[Date "2005.08.11"]
[Round "1.13"]
[White "Salgado Lopez, Ivan"]
[Black "Fernandez Molina, Victor Manuel"]
[Result "1-0"]
[WhiteElo "2340"]
[BlackElo "1794"]
[PlyCount "59"]
[EventDate "2005.08.11"]
[EventType "team"]
[EventRounds "6"]
[EventCountry "ESP"]
[Source "lmi"]
[SourceDate "2005.08.14"]
[WhiteTeam "Marcote "]
[BlackTeam "Peña Barcelonista de Melilla"]

1. e4 c5 2. Nf3 e6 3. d4 cxd4 4. Nxd4 Nc6 5. Nc3 Nf6 6. Ndb5 d6 7. Bf4 e5 8.
Bg5 a6 9. Na3 b5 10. Bxf6 gxf6 11. Nd5 Bg7 12. g3 Bb7 13. Bg2 Rc8 14. c3 Ne7
15. Nxe7 Qxe7 16. O-O O-O 17. Nc2 Rc5 18. Ne3 Bc8 19. Qh5 Be6 20. Bh3 Rd8 21.
Bf5 h6 22. Rfd1 d5 23. Bxe6 fxe6 24. exd5 exd5 25. b4 Rcc8 26. Nxd5 Qe6 27. Ne3
Rxd1+ 28. Rxd1 Rxc3 29. Qg6 Qc8 30. Nd5 1-0

[Event "España ch 1ª Division Norte"]
[Site "Barcelona ESP"]
[Date "2005.08.12"]
[Round "2.2"]
[White "Gallego Eraso, Patxi"]
[Black "Roiz Baztan, David"]
[Result "1/2-1/2"]
[WhiteElo "2389"]
[BlackElo "2284"]
[PlyCount "28"]
[EventDate "2005.08.11"]
[EventType "team"]
[EventRounds "6"]
[EventCountry "ESP"]
[Source "lmi"]
[SourceDate "2005.08.14"]

1. e4 c5 2. Nc3 d6 3. Nge2 Nf6 4. d4 cxd4 5. Nxd4 a6 6. Be2 e5 7. Nb3 Be7 8.
O-O O-O 9. Bf3 b6 10. Nd2 b5 11. Re1 Nc6 12. Ne2 Be6 13. Nf1 d5 14. exd5 Nxd5
1/2-1/2

[Event "España ch 1ª Division Norte"]
[Site "Barcelona ESP"]
[Date "2005.08.12"]
[Round "2.2"]
[White "Suarez Real, Alberto"]
[Black "Argandona Rivero, Inigo"]
[Result "1-0"]
[WhiteElo "2355"]
[BlackElo "2402"]
[PlyCount "89"]
[EventDate "2005.08.11"]
[EventType "team"]
[EventRounds "6"]
[EventCountry "ESP"]
[Source "lmi"]
[SourceDate "2005.08.14"]

1. e4 c6 2. d4 g6 3. Nc3 d5 4. Nf3 Bg7 5. h3 Nh6 6. Bd3 O-O 7. Qe2 dxe4 8. Nxe4
Nf5 9. c3 Nd7 10. O-O Nf6 11. Re1 Nxe4 12. Bxe4 Re8 13. Bf4 Nd6 14. Bc2 Be6 15.
Bb3 Bxb3 16. axb3 f6 17. Nd2 e6 18. b4 Nf7 19. Ne4 b6 20. Nd2 Qd7 21. Nc4 Rad8
22. Ra6 Qe7 23. Qf3 c5 24. bxc5 bxc5 25. Raxe6 Qxe6 26. Rxe6 Rxe6 27. dxc5 f5
28. Nd6 Nxd6 29. Qd5 Kf7 30. cxd6 Rd7 31. Qc6 Re1+ 32. Kh2 Ke6 33. Qc8 Be5 34.
g3 Kxd6 35. Be3 Ke7 36. Bxa7 Rc7 37. Bc5+ Kf7 38. Qf8+ Ke6 39. Qg8+ Kd7 40. Bb6
Rc6 41. Qxh7+ Kc8 42. Be3 Re2 43. Qg8+ Kc7 44. Qf7+ Kc8 45. Qe8+ 1-0

[Event "España ch 1ª Division Norte"]
[Site "Barcelona ESP"]
[Date "2005.08.12"]
[Round "2.3"]
[White "Herrero Sabartes, Joan"]
[Black "Narciso Dublan, Marc"]
[Result "0-1"]
[WhiteElo "2303"]
[BlackElo "2476"]
[PlyCount "85"]
[EventDate "2005.08.11"]
[EventType "team"]
[EventRounds "6"]
[EventCountry "ESP"]
[Source "lmi"]
[SourceDate "2005.08.14"]

1. d4 d5 2. c4 e6 3. Nc3 Nf6 4. Bg5 Be7 5. e3 h6 6. Bxf6 Bxf6 7. cxd5 exd5 8.
Qb3 c6 9. Bd3 O-O 10. Nf3 Nd7 11. O-O-O Re8 12. g4 g6 13. h4 Bg7 14. Rhg1 b5
15. Ne2 Rb8 16. Nf4 c5 17. Bxg6 c4 18. Qc2 fxg6 19. g5 h5 20. Qxg6 Nf8 21. Qxh5
c3 22. g6 Re4 23. Qxd5+ Qxd5 24. Nxd5 cxb2+ 25. Kxb2 Bb7 26. Rg5 Ne6 27. Rf5
Bxd5 28. Rxd5 Rf8 29. Ne5 Rxf2+ 30. Kb1 Bxe5 31. Rxe5 Rxe5 32. dxe5 Rf5 33. Rd5
a6 34. Kb2 Kg7 35. a4 bxa4 36. Ka3 Kxg6 37. Kxa4 Rf1 38. Ka5 Kf5 39. Kb4 Rb1+
40. Kc4 Rb8 41. h5 Nd8 42. h6 Nb7 43. Rd1 0-1

[Event "España ch 1ª Division Norte"]
[Site "Barcelona ESP"]
[Date "2005.08.12"]
[Round "2.3"]
[White "Marin, Mihail"]
[Black "Perpinya Rofes, Lluis Maria"]
[Result "1/2-1/2"]
[WhiteElo "2537"]
[BlackElo "2381"]
[PlyCount "51"]
[EventDate "2005.08.11"]
[EventType "team"]
[EventRounds "6"]
[EventCountry "ESP"]
[Source "lmi"]
[SourceDate "2005.08.14"]

1. c4 g6 2. Nf3 Bg7 3. d4 Nf6 4. g3 d5 5. Bg2 dxc4 6. Na3 c5 7. Nxc4 Nc6 8. Be3
Nd5 9. dxc5 Nxe3 10. fxe3 Be6 11. Qa4 O-O 12. Rd1 Qc7 13. Nd4 Bxc4 14. Qxc4 Ne5
15. Qc3 Rac8 16. b4 Ng4 17. Bh3 h5 18. Bxg4 hxg4 19. Qb3 b6 20. cxb6 Qxb6 21.
b5 a6 22. bxa6 Qxa6 23. O-O Rb8 24. Qc2 Rfc8 25. Qd2 Rd8 26. Qc2 1/2-1/2

[Event "España ch 1ª Division Norte"]
[Site "Barcelona ESP"]
[Date "2005.08.12"]
[Round "2.4"]
[White "Antoli Royo, Joaquin"]
[Black "Sanchez Aller, Fernando"]
[Result "1-0"]
[WhiteElo "2305"]
[BlackElo "2261"]
[PlyCount "61"]
[EventDate "2005.08.11"]
[EventType "team"]
[EventRounds "6"]
[EventCountry "ESP"]
[Source "lmi"]
[SourceDate "2005.08.14"]

1. e4 e5 2. Nf3 Nc6 3. Bb5 a6 4. Ba4 Nf6 5. d4 exd4 6. O-O Be7 7. Re1 O-O 8. e5
Ne8 9. c3 d5 10. Bxc6 bxc6 11. Nxd4 Bb7 12. b4 a5 13. Qg4 axb4 14. cxb4 Bxb4
15. Nxc6 Bxc6 16. Qxb4 Ra4 17. Qc3 Rc4 18. Qg3 f5 19. Nd2 Rg4 20. Qc3 Ba8 21.
f3 Rg6 22. Nb3 Qh4 23. Ba3 d4 24. Nxd4 Rf7 25. Rab1 Rd7 26. Rb8 Rd8 27. Rxd8
Qxd8 28. Nxf5 Re6 29. Qc4 Qd7 30. Nd4 Bd5 31. Qc5 1-0

[Event "España ch 1ª Division Norte"]
[Site "Barcelona ESP"]
[Date "2005.08.12"]
[Round "2.5"]
[White "Anguera Maestro, Jaume"]
[Black "Pablo Marin, Alejandro"]
[Result "1/2-1/2"]
[WhiteElo "2183"]
[BlackElo "2424"]
[PlyCount "81"]
[EventDate "2005.08.11"]
[EventType "team"]
[EventRounds "6"]
[EventCountry "ESP"]
[Source "lmi"]
[SourceDate "2005.08.14"]

1. d4 e6 2. Nf3 f5 3. g3 Nf6 4. Bg2 d5 5. O-O Bd6 6. b3 Qe7 7. a4 O-O 8. Ba3 c5
9. Nc3 a6 10. e3 Nc6 11. Ne2 b6 12. Bb2 Bb7 13. Nc1 Rac8 14. Nd3 Rfd8 15. Qe2
Ne4 16. Nde5 Na5 17. Nd2 cxd4 18. Nxe4 dxe4 19. exd4 Qc7 20. Rac1 Bxe5 21. dxe5
Nc6 22. f4 exf3 23. Bxf3 Nd4 24. Bxd4 Bxf3 25. Qe3 Bb7 26. Kf2 Qc6 27. c3 b5
28. axb5 axb5 29. Ke2 Ra8 30. Ra1 b4 31. c4 Rxa1 32. Bxa1 Qg2+ 33. Rf2 Qh1 34.
Bd4 Ra8 35. Bb2 Ra2 36. Qd4 h6 37. Ke3 Kh7 38. g4 Qe1+ 39. Re2 Qg1+ 40. Rf2 f4+
41. Kxf4 1/2-1/2

[Event "España ch 1ª Division Norte"]
[Site "Barcelona ESP"]
[Date "2005.08.12"]
[Round "2.5"]
[White "Travesset Ribera, Daniel"]
[Black "Simon Padros, Emili"]
[Result "1/2-1/2"]
[WhiteElo "2166"]
[BlackElo "2287"]
[PlyCount "64"]
[EventDate "2005.08.11"]
[EventType "team"]
[EventRounds "6"]
[EventCountry "ESP"]
[Source "lmi"]
[SourceDate "2005.08.14"]

1. d4 e6 2. g3 f5 3. Bg2 d5 4. Nf3 Nf6 5. O-O Be7 6. b3 c6 7. Bb2 O-O 8. Qc1
Ne4 9. Ba3 a5 10. c4 Nd7 11. Bxe7 Qxe7 12. Qb2 b6 13. Nbd2 Bb7 14. e3 g5 15.
Rac1 g4 16. Ne1 Qb4 17. Rc2 Rae8 18. Nd3 Qd6 19. f4 h5 20. Nxe4 dxe4 21. Ne5
Nxe5 22. dxe5 Qc5 23. Qc3 Rd8 24. Rd2 b5 25. Rd4 bxc4 26. Rfd1 Rd5 27. bxc4
Rfd8 28. Bf1 Ba6 29. Kf2 Rxd4 30. Rxd4 Rxd4 31. Qxd4 Qxd4 32. exd4 Bb7 1/2-1/2

[Event "España ch 1ª Division Norte"]
[Site "Barcelona ESP"]
[Date "2005.08.12"]
[Round "2.6"]
[White "Garcia, Raul"]
[Black "Pena, Alfredo"]
[Result "1/2-1/2"]
[WhiteElo "2258"]
[BlackElo "2247"]
[PlyCount "114"]
[EventDate "2005.08.11"]
[EventType "team"]
[EventRounds "6"]
[EventCountry "ESP"]
[Source "lmi"]
[SourceDate "2005.08.14"]

1. d4 Nf6 2. Nf3 g6 3. g3 Bg7 4. Bg2 O-O 5. O-O d6 6. a4 a5 7. c3 Nbd7 8. Nbd2
c5 9. e4 Qc7 10. Re1 e6 11. Nb1 d5 12. exd5 Nxd5 13. Na3 cxd4 14. Nxd4 N7b6 15.
Nab5 Qc5 16. Nb3 Qc4 17. Nd6 Qc6 18. Nxc8 Rfxc8 19. Nd4 Qd7 20. Nb5 Rab8 21.
Qb3 h6 22. Rd1 Qe7 23. Bd2 Qc5 24. Be1 h5 25. h4 Rd8 26. Rac1 Nc4 27. Nd4 b6
28. Bf1 Rbc8 29. Bxc4 Qxc4 30. Qxc4 Rxc4 31. Ne2 Rdc8 32. Rd3 Kf8 33. Rcd1 Ke7
34. Nd4 Bxd4 35. Rxd4 Nf6 36. f3 Rxd4 37. Rxd4 e5 38. Rd3 Ke6 39. Kf1 Nd5 40.
b3 f5 41. c4 Nf6 42. Bf2 Nd7 43. Rd5 Rc6 44. Ke2 Rc8 45. Rb5 Rc6 46. Be3 Kd6
47. Bh6 Rc5 48. Be3 Rxb5 49. axb5 Nc5 50. Kd1 Nd7 51. Kc2 Nc5 52. Kc3 e4 53.
fxe4 Nxe4+ 54. Kd4 Nc5 55. Kc3 Ne4+ 56. Kd4 Nc5 57. Kc3 Ne4+ 1/2-1/2